000 00188 a2200097 4500
020 _a9780794541552
041 _aeng
100 _aMackinnon, Mairi
245 _aStop that cow!
942 _cBK
999 _c31671
_d31669